Logo BPK

Bibliografia Prac Pracowników

Politechniki Koszalińskiej

Wykorzystanie metod biologicznych w zwalczaniu szkodników upraw ziemniaków / (Rekord nr 7476)

Szczegóły MARC
000 -ETYKIETA REKORDU
podpole kontrolne o stałej długości 00834nam a22001937a 4500
001 - NUMER KONTROLNY REKORDU
podpole kontrolne 7476
003 - IDENTYFIKATOR NUMERU KONTROLNEGO REKORDU
podpole kontrolne KOSZ 005
005 - DATA OSTATNIEJ MODYFIKACJI REKORDU
podpole kontrolne 20180427142110.0
008 - POLE O STAŁEJ DŁUGOŚCI - DANE KONTROLNE
podpole kontrolne o stałej długości 160307s1978 pl a|||| |||| 00| 0 pol
040 ## - ŹRÓDŁO KATALOGOWANIA
Instytucja, która utworzyła rekord BPK
Instytucja, która dokonała modyfikacji KOSZ 005/HR
080 ## - UNIWERSALNA KLASYFIKACJA DZIESIĘTNA - UKD
UKD 632
100 1# - NAZWA OSOBOWA
Nazwa osobowa BERLIŃSKI, Kazimierz.
Lata pracy 1975 - 1996.
Instytucja Wyższa Szkoła Inżynierska w Koszalinie - Instytut Inżynierii Środowiska,
Wydział Zakład Biologii i Chemii Sanitarnej
245 10 - TYTUŁ/ODPOWIEDZIALNOŚĆ
Tytuł Wykorzystanie metod biologicznych w zwalczaniu szkodników upraw ziemniaków /
Pozostałe elementy strefy tytułu i oznaczenia odpowiedzialności K. Berliński
500 ## - UWAGI OGÓLNE
Tekst uwagi Dane z kartoteki bpp.
650 #0 - HASŁO PRZEDMIOTOWE W FORMIE NAZWY OGÓLNEJ LUB JEDNOSTKOWEJ
Nazwa ogólna lub geograficzna Rośliny - ochrona.
650 #0 - HASŁO PRZEDMIOTOWE W FORMIE NAZWY OGÓLNEJ LUB JEDNOSTKOWEJ
Nazwa ogólna lub geograficzna Owady szkodliwe - zwalczanie.
773 0# - TYTUŁ DOKUMENTU MACIERZYSTEGO
Wyrażenie wprowadzające W :
Tytuł Biologiczne metody walki ze szkodnikami roślin / pod red. J. Boczka i J. Lipy. -
Adres wydawniczy Warszawa : Państwowe Wydaw. Naukowe, 1978. -
Informacje dotyczące relacji s. 417-424.
942 ## - HASŁO DODATKOWE - ELEMENTY(KOHA)
Typ dokumentu Rozdział
Schemat klasyfikacji Uniwersalna klasyfikacja dziesiętna

Brak dostępnych egzemplarzy.

© 2014 Biblioteka Politechniki Koszalińskiej :: BIBLIOGRAFIA PRAC PRACOWNIKÓW